00563nam a2200169Ia 4500008004100000041000800041082001900049100002000068245004200088260001800130300000800148365001600156700002000172906003400192999001900226952014800245230718s9999 xx 000 0 und d aeng a621.319'2bSAT aSatyanarayan S. aNetwork Theory Analysis And Synthesis bTechnical pub a482 cRs.b165.00 aSatyanarayan S. dB:30420-Feb-1999cETC b24.75 c298434d298434 01104070aCCEPbCCEPd1999-02-22eMbsfETC g140.25i304o621.319'2pCCEP-BK-9640r2023-07-18 00:00:00t24.75v165.00w1999-02-20yBKz009640